| 000 | 00321nam a2200121Ia 4500 | ||
|---|---|---|---|
| 008 | 190216s9999||||xx |||||||||||||| ||und|| | ||
| 100 | _a"Frederick E Croxton,Dudley J Cowden&Amp; Sidney Klein" | ||
| 245 | 0 | _aApplied General Statistics | |
| 260 |
_bMcgraw -hill _c1975 |
||
| 300 | _a754p | ||
| 650 | _aCommerce | ||
| 942 | _cBK | ||
| 999 |
_c4142 _d4142 |
||